Información estadística de las Universidades miembros del CNU año 2015

Bibliographic Details
Format: Section = Libro
Language:Undetermined
Spanish
Published: Managua CNU 2016
Subjects:
LEADER 00641nam a2200193Ia 4500
008 240829s9999 xx 000 0 und d
040 |a BIBLIOTECA-RUPAP Ref 378.155 N583 
041 |a spa 
082 |a Ref 378.155 N583 
245 1 0 |a Información estadística de las Universidades miembros del CNU año 2015 
260 |a Managua  |b CNU  |c 2016 
300 |a 271 p. :il. 
650 7 |a UNIVERSIDADES-NICARAGUA 
650 7 |b  CONSEJO NACIONAL DE UNIVERSIDADES-NICARAGUA 
650 7 |c  INFORME DE INDICADORES DE EDUCACION SUPERIOR-NICARAGUA-2015. 
650 7 |d  INFORMACION ESTADISTICA-CNU. I. Tít. 
942 |c BK  |2 ddc 
991 |a TEXTO 
999 |c 10432